000 01697nam a2200385 a 4500
001 ebr10137803
003 CaPaEBR
006 m u
007 cr cn|||||||||
008 050418s2005 inua sb s001 0 eng
010 _z 2005010908
020 _z0253346614 (cloth : alk. paper)
040 _aCaPaEBR
_cCaPaEBR
035 _a(OCoLC)71316960
043 _af-nr---
050 1 4 _aHD1021.Z8
_bK377 2005eb
082 0 4 _a306.3/49/0966978
_222
100 1 _aPierce, Steven,
_d1968-
245 1 0 _aFarmers and the state in colonial Kano
_h[electronic resource] :
_bland tenure and the legal imagination /
_cSteven Pierce.
260 _aBloomington :
_bIndiana University Press,
_cc2005.
300 _axii, 262 p. :
_bill.
500 _aBased on author's thesis (doctoral)--University of Michigan.
504 _aIncludes bibliographical references (p. [243]-257) and index.
533 _aElectronic reproduction.
_bPalo Alto, Calif. :
_cebrary,
_d2013.
_nAvailable via World Wide Web.
_nAccess may be limited to ebrary affiliated libraries.
650 0 _aLand tenure
_zNigeria
_zKano
_xHistory.
650 0 _aLand tenure
_xGovernment policy
_zNigeria
_zKano
_xHistory.
650 0 _aLand tenure
_xLaw and legislation
_zNigeria
_zKano
_xHistory.
650 0 _aLand use, Rural
_xGovernment policy
_zNigeria
_zKano
_xHistory.
650 0 _aFarmers
_zNigeria
_zKano
_xEconomic conditions.
650 0 _aAgriculture and state
_zNigeria
_zKano.
651 0 _aGreat Britain
_xColonies
_zAfrica.
655 7 _aElectronic books.
_2local
710 2 _aebrary, Inc.
856 4 0 _uhttp://site.ebrary.com/lib/rucke/Doc?id=10137803
_zAn electronic book accessible through the World Wide Web; click to view
999 _c186271
_d186271